Quizzes
Events
Quiz Creation
Community
Videos
Private Events
Remove Ads
Sign In
Join for FREE
Feedback
Dark Mode
Quiz Categories
Sports
Geography
Music
Movies
Television
Just For Fun
Miscellaneous
History
Literature
Language
Science
Gaming
Entertainment
Religion
Holiday
For Kids
Quiz Lab
Recent
Popular Today
Quiz Kudos Today
Editor Picks
Curator Picks
Quizzes by...
Day
Popularity
Type
Ratings
Length
Year
Community
Subscriptions
Recent Discussions
Orange Saloon
Badges
Playlists
Quests
Create
Leaderboards
Showdown
Live 5
Trivia Bingo
Activity
Puzzle Library
Sporcle Events
Private Events
Virtual Trivia
Globe League
Become a Host
Pub Owners
SporcleCon
Opinionation
Our Games
Videos
Blog
Mobile Apps
Partnerships
Remove Ads and Go Orange
Feedback
Music
Pop Music
The Beatles
Song
Album
Lyrics
Bands
Singers
Artist
Clip
Rock
Rap
Classical
Billboard
Country Music
Kpop
Taylor Swift
Music
Pop Music
The Beatles
Song
Album
Lyrics
Bands
Singers
Artist
Clip
Rock
Rap
Classical
Billboard
Country Music
Kpop
Taylor Swift
Random Quiz
Search Sporcle
×
Quiz Lab
Quiz Lab
Music
Lyrics
Type in answers that appear in a list
Type in answers that appear in a list
Classic
Best Score? Go Orange.
2Pac songs by lyrics Stats
Can you name the 2Pac songs by their lyrics?
By
Slave2theGrind
6m
20 Questions
1,193 Plays
1,193 Plays
1,193 Plays
Comments
Comments
Give Quiz Kudos
Give Quiz Kudos
-
- Ratings
hide this ad
More Info
Forced Order
Answers have to be entered in order
Answers have to be entered in order
Replay
Link that replays current quiz
Next Quiz
Link to next quiz in quiz playlist
You Got
0%
They Got
Avg Score
40%
Avg Friend Score
Upgrade to see
Score Distribution
Jump to the score distribution portion of the page
Score
0/20
Timer
06:00
0
Plays Today
Lyrics
Song Title
% Correct
Now Brenda's belly is gettin' bigger |
But no one seems to notice any change in her figure
Bredna's Got A Baby
78.8%
There's no way I can pay you back, but the plan is to show you that I understand |
You are appreciated
Dear Mama
72.7%
I think it's time to kill for our women, time to heal our women, be real to our women
Keep Ya Head Up
67.1%
From Oakland to Sactown, the Bay Area and back down |
Cali is where they put they mack down
California Love
66%
West Side when we ride, come equipped with game
Hit 'Em Up
63.6%
Picture paragraphs unloaded, wise words bein' quoted |
Peeped the weakness in the rap game and sewed it
Hail Mary
55.3%
And I can't even trip, cause I'm just laughin at cha |
You tryin' hard to maintain, then go head
I Ain't Mad At Cha
54.9%
And nowadays things changed, everyone's ashamed of the youth 'cause the truth looks strange
Ghetto Gospel
54.1%
A place to spend my quiet nights, time to unwind |
So much pressure in this life of mine
Thugz Mansion
48.8%
Now ever since my birth, I've been cursed since I'm born too wild, |
In case I never get to holla at my unborn child
Letter 2 My Unborn
44.2%
Lyrics
Song Title
% Correct
Got the police bustin at me, but they can't do nothin' to a G
Ambitionz Az A Ridah
34.9%
I'm 'Losing My Religion', I'm vicious on these stool pigeons |
You might be deep in this game, but you got the rules missin'
2 Of Amerikaz Most Wanted
29.7%
Full of drama like a soap opera, on the curb |
Watching the ghetto bird helicopters, I observe
To Live & Die In L.A.
27.1%
We was young, and we was dumb but we had heart in the dark when we survived through the bad parts
Runnin' (Dying To Live)
24.7%
And coming new, he'd do the same thing if he could |
'Cause in the hood true homies make you feel good
Until The End Of Time
20.6%
I guess I seen too many murders, the doctors can't help me |
Got me stressin' with my pistol in my sheets, it ain't healthy
Death Around The Corner
16.8%
Thinkin' with your brains blown that would make the pain go |
No! You got to find a way to survive, 'cause they win when your soul dies
Baby Don't Cry (Keep Ya Head Up II)
15.7%
I call you up long distance on the telephone |
Wanna tuck you in even though I know I can't make it home
Thugs Get Lonely Too
11.4%
Are you afraid to die... or do you wanna live forever? Tell me... which one?
Only Fear Of Death
10.5%
By age 13 I was buckwild, good at my knuckle game |
Made it through a tough childhood, never be the same
Thug n U Thug n Me
6.7%
Quiz Playlist
Details
Report
Send in Message
Add To Playlist
More Info:
R.I.P. Tupac Shakur 1971 - 1996 They cut you down in your prime, and you still wouldn't let that stop you.
Classic:
Type in answers that appear in a list
Forced Order:
Answers have to be entered in order
Last Updated: Feb 16, 2017
Quiz Scoreboard
CHALLENGE
Sign Up to Join the Scoreboard
Show All
Scores
Hide
Comments
May contain spoilers
Recently Published
An Introduction to Baseball
by treessimontrees
Sports
5m
Movies - When Are They Set?
by FPL_Elf
Movies
5m
Popular People in 1961
by mucciniale
History
6m
More to Explore
Quiz From the Vault
Featured Blog Post
Where Did the Easter Bunny Come From?
hide this ad
You Might Also Like...
Tags
Lyrics Quiz
Song Quiz
2Pac
Today's Top Quizzes in Music
Browse Music
hide this ad
Today's Top Quizzes in Lyrics
Browse Lyrics
Top Contributed Quizzes in Music
1
Taylor Swift All Songs (2024)
2
Guess the Artist- 70s Songs
3
KPOP LOGIC QUIZ
4
One Thing in Common: Music
5
2010s Album by Cover III
6
Guess the Taylor Swift song (Mystery Song)
7
Taylor Swift Logic Puzzle
8
2010s Album by Cover IV
9
2010s Album by Cover V
10
Kpop Logic Quiz
Explore More
Trending Topics
Crossword
Marvel
Harry Potter
Kpop
NBA
Disney
Anime
NFL
Pokémon
Soccer
Country
The Office
Puzzle
Song
WWE
hide this ad
More By:
Slave2theGrind
Quiz
Plays
Rating
Category
Featured
Created
Thunder Road
1,670
1.25
Music
Jul 2, 2010
Lionel Messi
1,579
1.50
Sports
Jul 16, 2010
2Pac songs by lyrics
1,193
Music
Jun 3, 2010
Pittsburgh Penguins Players by Nickname
810
2.00
Sports
Jun 2, 2010
Years The Pittsburgh Pirates Have Sucked
554
2.57
Just For Fun
Jul 31, 2010
Go to Creator's Profile
Score Distribution
Quiz Creator Spotlight
Slave2theGrind
Follow
Send a Message
Quizzes Created
-
Created Quiz Play Count
-
More By This Creator
Popular Quizzes Today
1
Find the Countries of Europe - No Outlines Minefield
2
Find the US States - No Outlines Minefield
3
The Countries of the World
4
Popular People in 1961
5
US States
6
Find the US States
7
1-10 Letter E Words III
8
Risky Map Clicking: Biggest States A-Z
More Music Quizzes
Work and Play in Beatles Songs
Published
Trending Quizzes
Risky Map Clicking: Least Populous States A-Z
1-10 Letter F Words
1-10 Letter G Words
One Thing in Common: United Kingdom
Not Quite an Element Typing Challenge
Recently Updated
Leaping Animals
pecheneg
Reality TV Shows (A-Z)
bhenderson79
Rickey Henderson's Hall of Fame Teammates
pecheneg
Champions League XIs: Arsenal
pecheneg
Quick Pick: Celebrities in WWE's Hall of Fame
aduchscher
A-Z Keypad Blitz II
pecheneg
Multiple Oscar Actors
pecheneg
Mystery Phrase Blitz: Oscar 'Best Actors'
pecheneg
F. Scott Fitzgerald Novels
LTH
Pick 3 Villains
ddd62291
Trending Topics
Disney
Harry Potter
Marvel
Crossword
Anime
Kpop
NBA
The Office
Soccer
WWE
Pokémon
NFL
Country
Puzzle
Song
Your Account Isn't Verified!
In order to create a playlist on Sporcle, you need to verify the email address you used during registration. Go to your
Sporcle Settings
to finish the process.
Report this User
Report this user for behavior that violates our
Community Guidelines
.
Details:
Send Report
Go to the Sporcle.com Mobile Site →
Comments